Crim i càstig : (Record no. 137373)

MARC details
000 -CABECERA
campo de control de longitud fija 01413nam a2200337 a 4500
001 - NÚMERO DE CONTROL
campo de control 991011376639706706
003 - IDENTIFICADOR DEL NÚMERO DE CONTROL
campo de control ES-BaIT
005 - FECHA Y HORA DE LA ÚLTIMA TRANSACCIÓN
campo de control 20260415104328.0
008 - DATOS DE LONGITUD FIJA--INFORMACIÓN GENERAL
campo de control de longitud fija 010430s1936 spcc || 000 d|cat
035 ## - NÚMERO DE CONTROL DEL SISTEMA
Número de control de sistema (ES-BaCBU).b12735851
035 ## - NÚMERO DE CONTROL DEL SISTEMA
Número de control de sistema (OCoLC)802409586
040 ## - FUENTE DE LA CATALOGACIÓN
Centro catalogador/agencia de origen ES-BaBC
Lengua de catalogación cat
Centro/agencia transcriptor ES-BaBC
041 1# - CÓDIGO DE LENGUA
Código de lengua del texto/banda sonora o título independiente cat
Código de lengua original rus
080 ## - NÚMERO DE LA CLASIFICACIÓN DECIMAL UNIVERSAL
Número de la Clasificación Decimal Universal 882-3"18"
100 1# - ENTRADA PRINCIPAL--NOMBRE DE PERSONA
Nombre de persona Dostoievski, Fiodor,
Fechas asociadas al nombre 1821-1881
9 (RLIN) 16599
240 1# - TÍTULO UNIFORME
Título uniforme Prestuplénie i nakazànie.
Lenguaje de la obra Català
9 (RLIN) 169259
245 10 - MENCIÓN DE TÍTULO
Título Crim i càstig :
Resto del título drama en tres actes i dinou quadres /
Mención de responsabilidad, etc. escenificació de la novel·la de Fedor Dostoiewski per J. Ma. Jordá i Lluís Capdevila
260 ## - PUBLICACIÓN, DISTRIBUCIÓN, ETC.
Lugar de publicación, distribución, etc. Barcelona :
Nombre del editor, distribuidor, etc. Llibr. Millá,
Fecha de publicación, distribución, etc. 1936
300 ## - DESCRIPCIÓN FÍSICA
Extensión 56 p. ;
Dimensiones 18 cm
490 1# - MENCIÓN DE SERIE
Mención de serie Catalunya teatral ;
Designación de volumen o secuencia 95
700 1# - ENTRADA AGREGADA--NOMBRE PERSONAL
Nombre de persona Jordà, Josep M.
Forma completa/desarrollada del nombre (Josep Maria),
Fechas asociadas al nombre 1870-1936
Término indicativo de función/relación trad.
9 (RLIN) 27025
700 1# - ENTRADA AGREGADA--NOMBRE PERSONAL
Nombre de persona Capdevila, Lluís,
Fechas asociadas al nombre 1893-1980
Término indicativo de función/relación trad.
9 (RLIN) 11483
830 ## - PUNTO DE ACCESO ADICIONAL DE SERIE-TÍTULO UNIFORME
Título uniforme Catalunya teatral
Designación de volumen o secuencia 95
9 (RLIN) 67670
856 42 - LOCALIZACIÓN Y ACCESO ELECTRÓNICOS
Nota pública Fitxa del catàleg manual
Identificador Uniforme del Recurso <a href="https://www.cdmae.cat/sedo/imgtitulos/018/P0000110.gif">https://www.cdmae.cat/sedo/imgtitulos/018/P0000110.gif</a>
856 42 - LOCALIZACIÓN Y ACCESO ELECTRÓNICOS
Nota pública Fitxa del catàleg manual
Identificador Uniforme del Recurso <a href="https://www.cdmae.cat/sedo/imgtitulos/018/P0000111.gif">https://www.cdmae.cat/sedo/imgtitulos/018/P0000111.gif</a>
903 ## - ELEMENTOS DE DATOS C LOCAL, LDC (RLIN)
a MASMM
d TCAT49/17
f Segell del Casal Mutualista de l'Aliança Mataronina
i 100923
907 ## - ELEMENTOS DE DATOS G LOCAL, LDG (RLIN)
a .b12735851
b 15-02-21
c 07-05-08
d 07-05-08
e m
f a
g -
h cat
i spc
j 0
k 3
908 ## - COLOCAR PARÁMETRO DE COMANDO (RLIN)
Colocar parámetro de comando BAB
-- CLR
-- UAB
-- BC
-- ANC
-- URV
-- UdL
-- CDMAE
-- UB
-- AFP
-- AHCB
940 ## - EQUIVALENCIA O REFERENCIA-CRUZADA--TÍTULO UNIFORME [OBSOLETO] [solamente CAN/MARC]
Título uniforme <a href="BC">BC</a>
942 ## - ELEMENTOS DE ENTRADA AGREGADA (KOHA)
Fuente del sistema de clasificación o colocación Clasificación decimal universal
Tipo de ítem Koha Llibre
Holdings
Estado de retiro Estado de pérdida Estado dañado No para préstamo Localización permanente Ubicación/localización actual Ubicación en estantería Fecha de adquisición Fuente de adquisición Información codificada de la localización en otra ubicación Total de préstamos Signatura topográfica completa Código de barras Fecha visto por última vez Número de copia Precio válido a partir de Tipo de ítem Koha Código de colección
      Exclòs de préstec Biblioteca Barcelona Biblioteca Barcelona BCN Magatzem Fons N 07/11/2005 Reconversió ODEC 10000   13106-N 1990265161 07/11/2005 1 11/08/2021 Llibre  
      Exclòs de préstec Biblioteca Barcelona Biblioteca Barcelona BCN Magatzem Sedó 07/11/2005 Reconversió ODEC 10010   19183 1990265148 07/11/2005 1 11/08/2021 Llibre Artur Sedó

Powered by Koha